| 000 | 00631nam a22001937a 4500 | ||
|---|---|---|---|
| 003 | OSt | ||
| 005 | 20191029062536.0 | ||
| 008 | 180220b xxu||||| |||| 00| 0 por d | ||
| 040 | _cPJ | ||
| 100 |
_9523 _aRodríguez Rossi, Víctor Ernesto |
||
| 245 | 1 | 3 |
_aEl crédito público : _cVíctor Ernesto Rodríguez Rossi, prólogo del Dr. Jorge Wehbe. |
| 260 |
_aBuenos Aires : _bAbeledo-Perrot, _c1981. |
||
| 300 |
_a137 p. _c23 cm. |
||
| 650 | 0 |
_aECONOMIA Y FINANZAS _9292 |
|
| 650 | 0 |
_aSISTEMA FINANCIERO _9298 |
|
| 650 | 0 |
_aCREDITO PUBLICO _9551 |
|
| 700 |
_9524 _aWehbe, Jorge _eprologuista |
||
| 942 |
_2udc _cLIB _h336.13 _iROD |
||
| 999 |
_c440 _d440 |
||